000 01365cam a2200313 a 4500
001 3943865
003 NUST-PNEC
005 20170116180728.0
008 931006m19941996maua b 001 0 eng
010 _a 93040000
020 _a0201634953
040 _aDLC
_cPNEC
_dDLC
050 0 0 _aTK5105.55
_b.S74 1994
082 0 0 _a004.62 STE
_220
100 1 _aStevens, W. Richard.
245 1 0 _aTCP/IP illustrated Vol-3
_cW. Richard Stevens.
260 _aReading, Mass. :
_bAddison-Wesley Pub. Co.,
_cc1994-c1996.
300 _a328 p. :
_bill. ;
_c25 cm.
440 0 _aAddison-Wesley professional computing series
500 _aVol. 2 by W. Richard Stevens, Gary R. Wright.
504 _aIncludes bibliographical references and indexes.
505 0 _av. 1. The protocols -- v. 2. The implementation -- v. 3. TCP for transactions, HTTP, NNTP, and the UNIX domain protocols.
650 0 _aTCP/IP (Computer network protocol)
_xComputer, MIS
700 1 _aWright, Gary R.
856 _uhttp://www.amazon.com/TCP-Illustrated-Vol-Transactions-Protocols/dp/0201634953/ref=sr_1_1?s=books&ie=UTF8&qid=1415870135&sr=1-1&keywords=0201634953
906 _a7
_bcbc
_corignew
_d1
_eocip
_f19
_gy-gencatlg
942 _2ddc
_cBK
999 _c61718
_d61718